Digital government in Chile strengthening the institutional and governance framework
Salvato in:
| Natura: | Libro |
|---|---|
| Lingua: | inglese |
| Pubblicazione: |
Paris
OECD
2016
|
| Serie: | OECD digital government studies
|
| Soggetti: | |
| Tags: |
Nessun Tag, puoi essere il primo ad aggiungerne!!
|
MARC
| LEADER | 00000nam a2200000 4500 | ||
|---|---|---|---|
| 001 | 0228084 | ||
| 005 | 20240314122825.0 | ||
| 020 | |a 978-92-64-25776-4 | ||
| 041 | 0 | |a eng | |
| 044 | |a FR | ||
| 245 | 1 | 0 | |a Digital government in Chile |b strengthening the institutional and governance framework |
| 264 | 1 | |a Paris |b OECD |c 2016 | |
| 300 | |a 96 s. | ||
| 490 | 1 | |a OECD digital government studies | |
| 830 | 0 | |a OECD digital government studies | |
| 610 | 2 | 0 | |a vláda |
| 610 | 2 | 0 | |a inštitúcie verejnoprávne |
| 610 | 2 | 0 | |a ministerstvá |
| 610 | 2 | 0 | |a správa verejná elektronická |
| 610 | 2 | 0 | |a Uruguaj |
| 610 | 2 | 0 | |a Čile |